Prime central London prices hit new high but pace of growth slows (Record no. 114538)
[ view plain ]
| 000 -LEADER | |
|---|---|
| fixed length control field | 00854cad a22002055a 4500 |
| 001 - CONTROL NUMBER | |
| control field | L156999 |
| 008 - FIXED-LENGTH DATA ELEMENTS--GENERAL INFORMATION | |
| fixed length control field | 120808s2012 xxk f 000 0 eng d |
| 035 ## - SYSTEM CONTROL NUMBER | |
| System control number | (Sirsi) u156999 |
| 041 0# - LANGUAGE CODE | |
| Language code of text/sound track or separate title | eng |
| 110 2# - MAIN ENTRY--CORPORATE NAME | |
| Corporate name or jurisdiction name as entry element | Knight Frank |
| 9 (RLIN) | 1530 |
| 245 00 - TITLE STATEMENT | |
| Title | Prime central London prices hit new high but pace of growth slows |
| Medium | [electronic resource] |
| 260 ## - PUBLICATION, DISTRIBUTION, ETC. | |
| Place of publication, distribution, etc. | London |
| Date of publication, distribution, etc. | Knight Frank |
| Name of publisher, distributor, etc. | 2012 |
| 490 #0 - SERIES STATEMENT | |
| Series statement | Knight Frank Prime Central London Sales Index |
| Volume/sequential designation | July 2012 |
| 520 ## - SUMMARY, ETC. | |
| Summary, etc. | Prime central London residential prices rose by 0.5% in July but the pace of growth slowed down. London continues to be regarded as a safe haven for overseas investors. |
| 590 ## - LOCAL NOTE (RLIN) | |
| Local note | KA NTK |
| 651 #4 - SUBJECT ADDED ENTRY--GEOGRAPHIC NAME | |
| Geographic name | LONDON |
| 690 ## - LOCAL SUBJECT ADDED ENTRY--TOPICAL TERM (OCLC, RLIN) | |
| Topical term or geographic name as entry element | Residential property |
| 9 (RLIN) | 6266 |
| 856 40 - ELECTRONIC LOCATION AND ACCESS | |
| Uniform Resource Identifier | <a href="https://knightfrank.com/research/">https://knightfrank.com/research/</a> |
| Public note | View the item free of charge under research at knightfrank.com/research |
| 942 ## - ADDED ENTRY ELEMENTS (KOHA) | |
| Suppress in OPAC | 0 |
| Withdrawn status | Lost status | Source of classification or shelving scheme | Damaged status | Not for loan | Home library | Current library | Shelving location | Date acquired | Total Checkouts | Full call number | Barcode | Date last seen | Copy number | Price effective from | Koha item type |
|---|---|---|---|---|---|---|---|---|---|---|---|---|---|---|---|
| Dewey Decimal Classification | Virtual | Virtual | Online | 08/08/2012 | ONLINE PUBLICATION | 156999-2001 | 06/08/2019 | 1 | 06/08/2019 | Book |